[Event "ThEM 2003"]
[Site "?"]
[Date "2003.04.18"]
[Round "5"]
[White "Koch, Stefan"]
[Black "Siebarth, Raiko"]
[Result "1-0"]
[WhiteElo "1923"]
[BlackElo "2103"]
[PlyCount "63"]
[EventDate "2003.04.16"]
[EventRounds "9"]
[EventCountry "GER"]

1. a4 c5 2. g3 g6 3. Bg2 Bg7 4. Nf3 Nc6 5. O-O Nf6 6. d3 d5 7. c3 O-O 8. Na3 e5
9. Rb1 Bg4 10. h3 Bf5 11. Nd2 Qd7 12. Kh2 Rad8 13. g4 Be6 14. Nf3 a6 15. Bg5 h6
16. Bh4 g5 17. Bg3 h5 18. Nxg5 hxg4 19. Nxe6 Qxe6 20. Rh1 Nh5 21. hxg4 Nxg3 22.
fxg3 Qxg4 23. e4 Qg5 24. exd5 Ne7 25. Qf3 Nxd5 26. Rbe1 Nf6 27. Kg1 Ng4 28. Nc4
b5 29. axb5 axb5 30. Ne3 Nf6 31. Nf5 Ng4 32. Qxg4 1-0

[Event "ThEM 2003"]
[Site "?"]
[Date "2003.04.18"]
[Round "5"]
[White "Taudte, Stefan"]
[Black "Baecher, Reinhardt"]
[Result "1-0"]
[WhiteElo "2101"]
[BlackElo "1863"]
[PlyCount "73"]
[EventDate "2003.04.16"]
[EventRounds "9"]
[EventCountry "GER"]

1. d4 Nf6 2. c4 e6 3. Bg5 Be7 4. Nc3 d5 5. Nf3 O-O 6. e3 c6 7. c5 Nbd7 8. b4 b6
9. Be2 bxc5 10. bxc5 Qa5 11. Qd2 Re8 12. O-O Qd8 13. Qc2 h6 14. Bh4 Nh7 15. Bg3
Qa5 16. Qa4 Qxa4 17. Nxa4 Bf6 18. Rab1 e5 19. dxe5 Nxe5 20. Nd4 Bd7 21. Rb7 Nf8
22. Rfb1 Rec8 23. Ba6 Re8 24. Bf1 Rec8 25. h3 g5 26. Ba6 Re8 27. Rc7 Bd8 28.
Rcb7 Bf6 29. Rc7 Bd8 30. Bxe5 Rxe5 31. Rxd7 Nxd7 32. Bb7 Rb8 33. Nxc6 Bc7 34.
Nxb8 Nxb8 35. Nc3 Nd7 36. Nxd5 Nxc5 37. Nxc7 1-0

[Event "ThEM 2003"]
[Site "?"]
[Date "2003.04.18"]
[Round "5"]
[White "Haensel, Thomas"]
[Black "Siebarth, Marco"]
[Result "1-0"]
[WhiteElo "2312"]
[BlackElo "1799"]
[PlyCount "91"]
[EventDate "2003.04.16"]
[EventRounds "9"]
[EventCountry "GER"]

1. e4 d5 2. exd5 Qxd5 3. Nc3 Qa5 4. d4 c6 5. Nf3 Nf6 6. Bd2 Bg4 7. h3 Bxf3 8.
Qxf3 Nbd7 9. O-O-O e6 10. Kb1 Bb4 11. g4 Bxc3 12. Bxc3 Qd5 13. Bg2 Qxf3 14.
Bxf3 Nd5 15. Bd2 N7b6 16. b3 O-O-O 17. c4 Ne7 18. Be3 Rd7 19. a4 Rhd8 20. a5
Na8 21. Kc2 Nc7 22. Kc3 Ng6 23. Be4 Kb8 24. Rd2 a6 25. h4 e5 26. h5 exd4+ 27.
Rxd4 Nf8 28. Rhd1 Rxd4 29. Rxd4 Rxd4 30. Bxd4 Nce6 31. Be3 h6 32. b4 Nd7 33.
Bf5 Ndf8 34. Bb6 Kc8 35. Bc5 Kc7 36. Be7 g6 37. Bxe6 Nxe6 38. g5 gxh5 39. gxh6
Nf4 40. h7 Ng6 41. f4 f5 42. Bf6 Kd6 43. h8=Q Nxh8 44. Bxh8 h4 45. Bd4 Ke6 46.
Kd3 1-0

[Event "ThEM 2003"]
[Site "?"]
[Date "2003.04.18"]
[Round "5"]
[White "Skibbe, Willi"]
[Black "Skibbe, Diana"]
[Result "1/2-1/2"]
[WhiteElo "1672"]
[BlackElo "2130"]
[PlyCount "142"]
[EventDate "2003.04.16"]
[EventRounds "9"]
[EventCountry "GER"]

1. e4 e5 2. Nf3 Nc6 3. Bb5 a6 4. Ba4 Nf6 5. O-O Nxe4 6. Re1 Nc5 7. Bxc6 dxc6 8.
Nxe5 Be7 9. d4 Ne6 10. Be3 O-O 11. Nc3 f6 12. Nf3 f5 13. d5 cxd5 14. Qxd5 Qxd5
15. Nxd5 Bd6 16. Ng5 Re8 17. Bf4 h6 18. Bxd6 hxg5 19. Bxc7 Bd7 20. Ba5 Bc6 21.
Rad1 Kf7 22. Ne3 Nf4 23. Nxf5 Rxe1+ 24. Bxe1 Bxg2 25. Bc3 Bf3 26. Re1 Rd8 27.
Nd4 Rxd4 28. Bxd4 Ne2+ 29. Rxe2 Bxe2 30. Kg2 g4 31. Kg3 g6 32. Kf4 Bc4 33. a3
Be6 34. Ke5 Bf5 35. c4 Ke7 36. Kd5 Kd7 37. Kc5 Be4 38. Kb6 Bf3 39. b4 Kc8 40.
a4 Be4 41. b5 axb5 42. cxb5 Kb8 43. a5 Ka8 44. Kc7 Bf3 45. b6 Be4 46. Kd8 Bf5
47. Be5 Bd3 48. Ke7 Be4 49. Kf6 Bd3 50. Kg5 Bf5 51. Bd6 Bc2 52. Kxg4 Bd3 53. f4
Be4 54. h4 Bd3 55. Kg5 Be4 56. h5 gxh5 57. Kxh5 Bd3 58. Kg5 Bc2 59. Kf6 Bd3 60.
Ke7 Be4 61. Kd8 Bf5 62. Ke7 Bd3 63. Kf6 Be2 64. Ke5 Bd3 65. Bb4 Kb8 66. f5 Kc8
67. Ke6 Kd8 68. Bc3 Ke8 69. f6 Bc4+ 70. Kd6 Kf7 71. Kc7 Ba6 1/2-1/2

[Event "ThEM 2003"]
[Site "?"]
[Date "2003.04.18"]
[Round "5"]
[White "Siegl, Detlef"]
[Black "Hermann, Ingo"]
[Result "1/2-1/2"]
[WhiteElo "2027"]
[BlackElo "1622"]
[PlyCount "48"]
[EventDate "2003.04.16"]
[EventRounds "9"]
[EventCountry "GER"]

1. d4 d6 2. e4 Nf6 3. Nc3 c6 4. Nf3 Bg4 5. Be2 Nbd7 6. h3 Bxf3 7. Bxf3 e5 8.
Be3 Be7 9. O-O O-O 10. Be2 Qc7 11. Qe1 Rfe8 12. Bd3 Bf8 13. f4 exd4 14. Bxd4 b5
15. a3 a5 16. b4 Ra6 17. Qh4 h6 18. g4 Nh7 19. Qf2 Raa8 20. Rae1 axb4 21. axb4
Nb8 22. Ne2 Qd7 23. Ra1 Na6 24. Rfb1 Nc7 1/2-1/2

[Event "ThEM 2003"]
[Site "?"]
[Date "2003.04.18"]
[Round "5"]
[White "Schneider, Christian"]
[Black "Michalowski, Peter"]
[Result "1/2-1/2"]
[WhiteElo "1704"]
[BlackElo "1676"]
[PlyCount "29"]
[EventDate "2003.04.16"]
[EventRounds "9"]
[EventCountry "GER"]

1. Nc3 c5 2. e4 Nc6 3. f4 g6 4. Nf3 Bg7 5. g3 e6 6. Bg2 Nge7 7. O-O O-O 8. d3
d6 9. Ne2 b6 10. c3 d5 11. e5 Rb8 12. d4 Ba6 13. g4 cxd4 14. Nfxd4 Nxd4 15.
cxd4 1/2-1/2

[Event "ThEM 2003"]
[Site "?"]
[Date "2003.04.18"]
[Round "5"]
[White "Manger, Erika"]
[Black "Berner, Stephan"]
[Result "1/2-1/2"]
[WhiteElo "1404"]
[BlackElo "1577"]
[PlyCount "92"]
[EventDate "2003.04.16"]
[EventRounds "9"]
[EventCountry "GER"]

1. c4 c6 2. d4 d5 3. Nc3 Nf6 4. e3 e6 5. Be2 Nbd7 6. Nf3 b6 7. O-O Be7 8. b3
Bb7 9. Bb2 c5 10. cxd5 exd5 11. dxc5 Bxc5 12. Bd3 O-O 13. Re1 Re8 14. a3 a5 15.
Bb5 Qe7 16. Na4 Red8 17. Nxc5 Nxc5 18. b4 axb4 19. axb4 Rxa1 20. Qxa1 Nce4 21.
Bc3 Nxc3 22. Qxc3 Rc8 23. Qd4 Qd8 24. Ne5 Qc7 25. Rd1 Rd8 26. Nd3 Qd6 27. Ra1
Ra8 28. Rxa8+ Bxa8 29. Ba4 Kf8 30. b5 Ke7 31. h3 g6 32. Bd1 Bb7 33. Qe5+ Qxe5
34. Nxe5 Nd7 35. Nf3 f6 36. Nd4 Nc5 37. Bc2 Ne6 38. Kf1 Bc8 39. Ke2 Bd7 40. Ba4
Nc7 41. Kd3 Kd6 42. Kc3 Kc5 43. Nb3+ Kd6 44. Nd4 Ne6 45. Nxe6 Kxe6 46. Kd4 Kd6
1/2-1/2

[Event "ThEM 2003"]
[Site "?"]
[Date "2003.04.18"]
[Round "5"]
[White "Richter, Dagmar"]
[Black "Seidens, Gunter"]
[Result "0-1"]
[WhiteElo "1463"]
[BlackElo "2069"]
[PlyCount "82"]
[EventDate "2003.04.16"]
[EventRounds "9"]
[EventCountry "GER"]

1. e4 d6 2. d4 Nf6 3. Nc3 g6 4. Bb5+ c6 5. Bc4 Bg7 6. f3 O-O 7. Nge2 Nbd7 8.
Be3 b5 9. Bb3 a5 10. a3 Ba6 11. Qd2 Qc7 12. O-O c5 13. dxc5 Nxc5 14. Bxc5 Qxc5+
15. Kh1 Rac8 16. Rfe1 e6 17. Rad1 Rfd8 18. Ng3 Ne8 19. Re3 Bh6 20. Nf1 b4 21.
axb4 axb4 22. Ne2 Bxe3 23. Nxe3 Bxe2 24. Qxe2 Ra8 25. h3 Ra7 26. Ng4 h5 27. Nf2
Rda8 28. Kh2 Ra1 29. Nd3 Qb6 30. Rxa1 Rxa1 31. Qd2 h4 32. Ne1 Nf6 33. g3 hxg3+
34. Kxg3 Qg1+ 35. Ng2 Kg7 36. Kh4 Rd1 37. Qe2 Rf1 38. e5 dxe5 39. Qxe5 Qxg2 40.
f4 Qf2+ 41. Kg5 Qg3# 0-1

[Event "ThEM 2003"]
[Site "?"]
[Date "2003.04.18"]
[Round "6"]
[White "Holzschuh, Stephan"]
[Black "Enders, Peter"]
[Result "1/2-1/2"]
[WhiteElo "2107"]
[BlackElo "2522"]
[PlyCount "61"]
[EventDate "2003.04.16"]
[EventRounds "9"]
[EventCountry "GER"]

1. e4 c5 2. Nc3 Nc6 3. f4 g6 4. Nf3 Bg7 5. Bc4 d6 6. O-O Nf6 7. d3 O-O 8. a4
Bg4 9. Ne2 e6 10. Ba2 a6 11. c3 b5 12. Be3 Qe7 13. Ng3 Rab8 14. axb5 axb5 15.
Kh1 Rb7 16. Qd2 Bxf3 17. gxf3 b4 18. f5 b3 19. Bb1 exf5 20. exf5 Ra7 21. Rxa7
Nxa7 22. Ne4 Nc6 23. d4 Nxe4 24. fxe4 Rc8 25. Qf2 cxd4 26. cxd4 Qb7 27. f6 Bf8
28. Qh4 Rc7 29. Bh6 Qc8 30. Bxf8 Qxf8 31. Rc1 1/2-1/2

[Event "ThEM 2003"]
[Site "?"]
[Date "2003.04.18"]
[Round "6"]
[White "Kraemer, Martin"]
[Black "Sieber, Stephan"]
[Result "1-0"]
[WhiteElo "2173"]
[BlackElo "2136"]
[PlyCount "57"]
[EventDate "2003.04.16"]
[EventRounds "9"]
[EventCountry "GER"]

1. Nf3 d6 2. e4 c5 3. d4 cxd4 4. Nxd4 Nf6 5. Nc3 a6 6. Be3 e6 7. g4 h6 8. Rg1
b5 9. a3 Bb7 10. Bd3 Qc7 11. f4 Nfd7 12. Qe2 Nc6 13. O-O-O O-O-O 14. Nxc6 Qxc6
15. Kb1 Nb6 16. Nxb5 axb5 17. Bxb5 Qc7 18. Rd3 Nd7 19. Rc3 Nc5 20. b4 Kb8 21.
bxc5 dxc5 22. Rb3 Ka8 23. Qc4 Qa5 24. Ka2 Be7 25. Rgb1 Rb8 26. Bd2 Qa7 27. Bd7
Qa6 28. Rb5 Bd8 29. Qxc5 1-0

[Event "ThEM 2003"]
[Site "?"]
[Date "2003.04.18"]
[Round "6"]
[White "Kirschbaum, Gunnar"]
[Black "Lange, Corinna"]
[Result "1-0"]
[WhiteElo "2179"]
[BlackElo "2162"]
[PlyCount "77"]
[EventDate "2003.04.16"]
[EventRounds "9"]
[EventCountry "GER"]

1. d4 f5 2. e4 d6 3. Nc3 Nf6 4. Bd3 fxe4 5. Nxe4 g6 6. h4 Bg7 7. h5 Nc6 8. hxg6
h6 9. Nxf6+ exf6 10. c3 Qe7+ 11. Ne2 Bd7 12. Be3 O-O-O 13. Qd2 f5 14. O-O-O Qf6
15. Bxh6 Qxg6 16. Nf4 Bxh6 17. Nxg6 Bxd2+ 18. Kxd2 Rhg8 19. Nf4 Ne7 20. Rh6 Rg4
21. g3 Ng8 22. Rh5 Rf8 23. Rh8 Kd8 24. Re1 c6 25. Bc4 d5 26. Be2 Rg7 27. Bh5
Rf6 28. Rh1 Rh6 29. Rxh6 Nxh6 30. Be2 Nf7 31. Nd3 Nd6 32. Ne5 Ne4+ 33. Ke3 Be6
34. Bf3 Ke7 35. Bxe4 dxe4 36. Kf4 Kd6 37. c4 b5 38. c5+ Kd5 39. Rh6 1-0

[Event "ThEM 2003"]
[Site "?"]
[Date "2003.04.18"]
[Round "6"]
[White "Buring, Matthias"]
[Black "Aepfler, Christian"]
[Result "1/2-1/2"]
[WhiteElo "2074"]
[BlackElo "2266"]
[PlyCount "97"]
[EventDate "2003.04.16"]
[EventRounds "9"]
[EventCountry "GER"]

1. d4 d5 2. c4 e6 3. Nc3 c6 4. e3 Nf6 5. Nf3 Nbd7 6. Bd3 Be7 7. O-O dxc4 8.
Bxc4 c5 9. Qe2 O-O 10. Rd1 a6 11. a4 Qc7 12. e4 cxd4 13. Nxd4 Ne5 14. Ba2 Ng6
15. Be3 Nf4 16. Qf3 e5 17. Nf5 Bxf5 18. exf5 Qc6 19. Qxc6 bxc6 20. g3 N4h5 21.
a5 Bb4 22. Bb6 Bxc3 23. bxc3 Ne4 24. Rac1 Nhf6 25. Kg2 h5 26. h4 Nd5 27. Bxd5
cxd5 28. Rxd5 Rfe8 29. c4 Rac8 30. Be3 Rc6 31. c5 Nf6 32. Rd6 Rec8 33. Rxc6
Rxc6 34. f3 Nd5 35. Bf2 Nc7 36. Rd1 Kf8 37. Kf1 Ke7 38. Ke2 Nb5 39. Kd3 g6 40.
fxg6 fxg6 41. Re1 Kf6 42. Kc4 Ke6 43. Rd1 Rc8 44. Be3 Na3+ 45. Kb3 Nb5 46. Kb4
Rb8 47. Kc4 Na3+ 48. Kc3 Nb1+ 49. Kc2 1/2-1/2

[Event "ThEM 2003"]
[Site "?"]
[Date "2003.04.18"]
[Round "6"]
[White "Wehner, Jannis"]
[Black "Koch, Stefan"]
[Result "1/2-1/2"]
[WhiteElo "2197"]
[BlackElo "1923"]
[PlyCount "38"]
[EventDate "2003.04.16"]
[EventRounds "9"]
[EventCountry "GER"]

1. e4 e5 2. Nf3 Nc6 3. Nc3 Nf6 4. d4 exd4 5. Nd5 d6 6. Nxd4 Be7 7. Nb5 Nxd5 8.
exd5 Ne5 9. Be2 O-O 10. Be3 a6 11. Nd4 Ng6 12. Qd2 Bf6 13. O-O-O Re8 14. g4
Bxd4 15. Qxd4 Qe7 16. h4 Qe5 17. Qxe5 Rxe5 18. Bf3 Re8 19. Rdg1 Bd7 1/2-1/2

[Event "ThEM 2003"]
[Site "?"]
[Date "2003.04.18"]
[Round "6"]
[White "Petiko, Jakob"]
[Black "Goemann, Jens"]
[Result "1/2-1/2"]
[WhiteElo "2016"]
[BlackElo "2194"]
[PlyCount "59"]
[EventDate "2003.04.16"]
[EventRounds "9"]
[EventCountry "GER"]

1. e4 e6 2. d3 d5 3. Nd2 Nf6 4. Ngf3 b6 5. c3 Be7 6. Be2 dxe4 7. dxe4 O-O 8.
O-O Ba6 9. Re1 Bxe2 10. Qxe2 Nbd7 11. e5 Nd5 12. Ne4 Nc5 13. Nxc5 Bxc5 14. Rd1
Qe8 15. Ng5 Be7 16. Ne4 Rd8 17. Qg4 Kh8 18. Bg5 Bxg5 19. Nxg5 h6 20. Nh3 Qc6
21. Rd3 Ne7 22. Rad1 Rd5 23. Rxd5 exd5 24. Nf4 Ng6 25. Nxg6+ fxg6 26. Qd4 Qb5
27. Qd2 c6 28. Re1 Qc5 29. Re3 Qe7 30. h3 1/2-1/2

[Event "ThEM 2003"]
[Site "?"]
[Date "2003.04.18"]
[Round "6"]
[White "Taudte, Stefan"]
[Black "Huster, Mike"]
[Result "1/2-1/2"]
[WhiteElo "2101"]
[BlackElo "1917"]
[PlyCount "62"]
[EventDate "2003.04.16"]
[EventRounds "9"]
[EventCountry "GER"]

1. d4 d5 2. c4 e6 3. Nf3 c5 4. cxd5 exd5 5. Bg5 f6 6. Bf4 Nc6 7. e3 Be6 8. Nc3
Rc8 9. Be2 Nge7 10. O-O Ng6 11. Bg3 a6 12. dxc5 Bxc5 13. Nd4 Nxd4 14. exd4 Bd6
15. Re1 Kf7 16. Bf3 Ne7 17. Qb3 Bxg3 18. hxg3 b6 19. Rxe6 Kxe6 20. Re1+ Kf7 21.
Nxd5 Nxd5 22. Bxd5+ Kg6 23. Qd3+ Kh6 24. Bb7 Rc7 25. Qe3+ g5 26. Bxa6 Rd7 27.
Rd1 Re8 28. Qd3 Rxd4 29. Qxd4 Re1+ 30. Rxe1 Qxd4 31. b3 Qc3 1/2-1/2

[Event "ThEM 2003"]
[Site "?"]
[Date "2003.04.18"]
[Round "6"]
[White "Gulich, Christian"]
[Black "Haensel, Thomas"]
[Result "0-1"]
[WhiteElo "2133"]
[BlackElo "2312"]
[PlyCount "66"]
[EventDate "2003.04.16"]
[EventRounds "9"]
[EventCountry "GER"]

1. e4 c5 2. Nf3 d6 3. d4 cxd4 4. Nxd4 Nf6 5. Nc3 a6 6. Bc4 e6 7. Bb3 Be7 8. g4
h6 9. Be3 Bd7 10. Qe2 Nc6 11. Rg1 b5 12. Nxc6 Bxc6 13. f3 Nd7 14. O-O-O b4 15.
Nb1 a5 16. f4 a4 17. Bc4 Qc7 18. f5 e5 19. g5 Bxe4 20. gxh6 gxh6 21. Bxf7+ Kxf7
22. Qh5+ Kf8 23. Bxh6+ Rxh6 24. Qxh6+ Ke8 25. Rd2 Qc4 26. Qh3 Rc8 27. Qh5+ Qf7
28. Qxf7+ Kxf7 29. Rf2 Bh4 30. Re2 Bxf5 31. a3 Nc5 32. axb4 Nd3+ 33. Kd2 Nf4
0-1

[Event "ThEM 2003"]
[Site "?"]
[Date "2003.04.18"]
[Round "6"]
[White "Rohmeiss, Roberto"]
[Black "Deuter, Lutz"]
[Result "1/2-1/2"]
[WhiteElo "2065"]
[BlackElo "2049"]
[PlyCount "81"]
[EventDate "2003.04.16"]
[EventRounds "9"]
[EventCountry "GER"]

1. d4 Nf6 2. c4 g6 3. Nc3 Bg7 4. e4 d6 5. Nf3 O-O 6. Bd3 e5 7. d5 c5 8. h3 Nh5
9. g4 Nf4 10. Ne2 Qa5+ 11. Kf1 Nxd3 12. Qxd3 f5 13. gxf5 gxf5 14. Ng3 b5 15.
exf5 bxc4 16. Qe4 c3 17. Ng5 cxb2 18. Bxb2 Qb5+ 19. Kg2 Qxb2 20. Ne6 Bxe6 21.
dxe6 Na6 22. e7 Rfe8 23. Qd5+ Kh8 24. Nh5 Rg8 25. Qxd6 Qb6 26. Qxb6 axb6 27.
Kh2 Rge8 28. f6 Bxf6 29. Nxf6 Rxe7 30. Nd5 Rf7 31. Rhe1 Nb4 32. Nxb6 Rxf2+ 33.
Kg3 Raxa2 34. Rxa2 Rxa2 35. Rxe5 Rc2 36. Nd7 c4 37. Rg5 Rd2 38. Nf6 Rd8 39. Rg4
Rf8 40. Rxc4 Rxf6 41. Rxb4 1/2-1/2

[Event "ThEM 2003"]
[Site "?"]
[Date "2003.04.18"]
[Round "6"]
[White "Skibbe, Diana"]
[Black "Baecher, Reinhardt"]
[Result "1-0"]
[WhiteElo "2130"]
[BlackElo "1863"]
[PlyCount "73"]
[EventDate "2003.04.16"]
[EventRounds "9"]
[EventCountry "GER"]

1. e4 c5 2. Nf3 e6 3. d4 cxd4 4. Nxd4 a6 5. g3 b5 6. Bg2 Bb7 7. O-O Qc7 8. c3
Nf6 9. Qe2 d6 10. Bg5 Be7 11. Nd2 Nbd7 12. Be3 O-O 13. f4 Nc5 14. Bf2 Rac8 15.
Rfe1 Rfd8 16. N4b3 Na4 17. Rab1 Nd7 18. h4 Bf6 19. Qg4 b4 20. cxb4 Bxb2 21.
Rxb2 Nxb2 22. Bd4 e5 23. Bxb2 Qb6+ 24. Kh2 Rc2 25. Ba1 Qxb4 26. Re2 Rxa2 27.
Qf3 Rc8 28. Bh3 Qb5 29. Rf2 f6 30. Nd4 exd4 31. Be6+ Kh8 32. Bxa2 d3 33. Bd4
Qa4 34. Be6 Qxd4 35. Bxd7 Rc2 36. Rg2 a5 37. Qh5 1-0

[Event "ThEM 2003"]
[Site "?"]
[Date "2003.04.18"]
[Round "6"]
[White "Siebarth, Raiko"]
[Black "Skibbe, Willi"]
[Result "1-0"]
[WhiteElo "2103"]
[BlackElo "1672"]
[PlyCount "53"]
[EventDate "2003.04.16"]
[EventRounds "9"]
[EventCountry "GER"]

1. e4 c5 2. Nf3 d6 3. d4 cxd4 4. Nxd4 Nf6 5. Nc3 g6 6. Be3 Bg7 7. f3 Nc6 8. Qd2
Bd7 9. O-O-O O-O 10. Kb1 a6 11. g4 b5 12. h4 b4 13. Nd5 Nxd5 14. exd5 Ne5 15.
h5 a5 16. Qh2 a4 17. hxg6 fxg6 18. Qxh7+ Kf7 19. Ne6 Bxe6 20. dxe6+ Kxe6 21. f4
b3 22. fxe5 bxc2+ 23. Kxc2 Qc7+ 24. Kb1 Bxe5 25. Qxg6+ Rf6 26. Qe4 Rb8 27. Qd5+
1-0

[Event "ThEM 2003"]
[Site "?"]
[Date "2003.04.18"]
[Round "6"]
[White "Hermann, Ingo"]
[Black "Kirste, Olaf"]
[Result "0-1"]
[WhiteElo "1622"]
[BlackElo "2083"]
[PlyCount "52"]
[EventDate "2003.04.16"]
[EventRounds "9"]
[EventCountry "GER"]

1. e4 c5 2. c3 d5 3. exd5 Qxd5 4. d4 Nf6 5. Nf3 e6 6. Na3 Nc6 7. Be3 Ng4 8. Nb5
Nxe3 9. fxe3 Qd8 10. dxc5 Bxc5 11. Qxd8+ Kxd8 12. Rd1+ Ke7 13. Nbd4 Bd7 14. Bc4
Rhd8 15. Ke2 f6 16. Rd2 e5 17. Nc2 Bf5 18. Bd5 Bxc2 19. Bxc6 Rxd2+ 20. Kxd2 Bg6
21. Bd5 Rd8 22. c4 b5 23. b3 bxc4 24. bxc4 Rb8 25. Kc3 Bb4+ 26. Kb3 Bd2+ 0-1

[Event "ThEM 2003"]
[Site "?"]
[Date "2003.04.18"]
[Round "6"]
[White "Seidens, Gunter"]
[Black "Siegl, Detlef"]
[Result "1-0"]
[WhiteElo "2069"]
[BlackElo "2027"]
[PlyCount "111"]
[EventDate "2003.04.16"]
[EventRounds "9"]
[EventCountry "GER"]

1. d4 Nf6 2. Nf3 e6 3. c4 b6 4. g3 Bb7 5. Bg2 Bb4+ 6. Bd2 Bxd2+ 7. Qxd2 O-O 8.
O-O d6 9. Nc3 Nbd7 10. Qc2 c5 11. Rfd1 Qe7 12. e4 Ne8 13. Qe2 Nc7 14. Rd2 Rad8
15. Rad1 Nb8 16. Ne1 e5 17. dxc5 dxc5 18. Nd5 Bxd5 19. exd5 Qd6 20. Nd3 Rde8
21. Re1 f6 22. Qd1 Rd8 23. Rde2 Rf7 24. f4 exf4 25. Nxf4 Nc6 26. Ne6 Ne5 27.
Nxd8 Qxd8 28. Rxe5 fxe5 29. Rxe5 Qf6 30. Qe2 g6 31. b3 Kg7 32. h3 Kf8 33. h4
Kg7 34. Bh3 Kf8 35. Kg2 Kg7 36. Bc8 Kf8 37. Bg4 Kg7 38. Be6 Nxe6 39. Rxe6 Qd4
40. Qe5+ Qxe5 41. Rxe5 Kf6 42. Re6+ Kg7 43. Re4 Rd7 44. Kf3 Rf7+ 45. Ke2 Rd7
46. Re6 Rf7 47. a3 Kh6 48. b4 Rc7 49. Rc6 Re7+ 50. Kf3 cxb4 51. axb4 Kg7 52.
Kf4 Kf7 53. c5 bxc5 54. bxc5 Rb7 55. Ke5 a5 56. Ra6 1-0

[Event "ThEM 2003"]
[Site "?"]
[Date "2003.04.18"]
[Round "6"]
[White "Manger, Erika"]
[Black "Schneider, Christian"]
[Result "0-1"]
[WhiteElo "1404"]
[BlackElo "1704"]
[PlyCount "142"]
[EventDate "2003.04.16"]
[EventRounds "9"]
[EventCountry "GER"]

1. c4 c6 2. d4 d5 3. Nc3 e6 4. e3 Nf6 5. Nf3 Nbd7 6. Be2 Be7 7. O-O O-O 8. b3
b6 9. Bb2 Bb7 10. Rc1 Bb4 11. a3 Bxc3 12. Bxc3 Ne4 13. Bb2 f5 14. Nd2 Qg5 15.
Nxe4 fxe4 16. Qd2 Rf6 17. f4 exf3 18. Rxf3 Rxf3 19. Bxf3 Rf8 20. Rf1 c5 21.
cxd5 Bxd5 22. Bxd5 Rxf1+ 23. Kxf1 Qxd5 24. Qc3 cxd4 25. Qxd4 Qxd4 26. exd4 Kf7
27. Ke2 Ke7 28. Kd3 Kd6 29. Ke4 Nf6+ 30. Kd3 Kd5 31. h3 Nh5 32. Bc1 Ng3 33. Bf4
Nf5 34. Be5 g6 35. g4 Ne7 36. Bf4 b5 37. b4 Nc6 38. Be3 e5 39. dxe5 Nxe5+ 40.
Kc3 a6 41. Bf4 Nc4 42. Bc1 Ke4 43. Kb3 Kd3 44. a4 Nd6 45. Bf4 Ne4 46. axb5 axb5
47. h4 Nf2 48. g5 Nh3 49. Bg3 Ng1 50. Bf2 Nf3 51. Bg3 Nd4+ 52. Kb2 Kc4 53. Be1
Nf3 54. Bg3 Kxb4 55. Bd6+ Kc4 56. Bg3 b4 57. Kc2 Nd4+ 58. Kb2 Nf5 59. Be1 Kd3
60. Bxb4 Nxh4 61. Be7 Ke4 62. Kc3 Kf5 63. Kd3 Nf3 64. Ke3 Nxg5 65. Bxg5 Kxg5
66. Kf3 Kh4 67. Kg2 g5 68. Kh2 g4 69. Kg2 h5 70. Kh2 g3+ 71. Kg2 Kg4 0-1

[Event "ThEM 2003"]
[Site "?"]
[Date "2003.04.18"]
[Round "6"]
[White "Michalowski, Peter"]
[Black "Berner, Stephan"]
[Result "1-0"]
[WhiteElo "1676"]
[BlackElo "1577"]
[PlyCount "103"]
[EventDate "2003.04.16"]
[EventRounds "9"]
[EventCountry "GER"]

1. e4 c6 2. Nc3 d5 3. Nf3 dxe4 4. Nxe4 Bf5 5. Ng3 Bg4 6. Bc4 e6 7. h3 Bxf3 8.
Qxf3 Nf6 9. O-O Nbd7 10. Re1 Be7 11. c3 O-O 12. d4 Re8 13. h4 Bd6 14. Bd3 Qc7
15. Bg5 Bxg3 16. fxg3 Qb6 17. Bxf6 Nxf6 18. Re2 e5 19. Rae1 exd4 20. c4 Rxe2
21. Rxe2 Qd8 22. g4 Qd6 23. g5 Nd7 24. Bb1 g6 25. Qe4 Nc5 26. Qf3 Rd8 27. b4
Ne6 28. c5 Qf4 29. Qxf4 Nxf4 30. Re7 Rb8 31. Re4 Ne6 32. a3 Kf8 33. Ba2 Ke7 34.
Bxe6 fxe6 35. Rxd4 Rf8 36. Rd3 e5 37. g3 Ke6 38. Kg2 Rf7 39. g4 Rd7 40. Rxd7
Kxd7 41. Kf3 Ke7 42. Ke4 Ke6 43. a4 b6 44. a5 bxa5 45. bxa5 a6 46. h5 Kf7 47.
Kxe5 Ke7 48. h6 Kd7 49. Kf6 Kd8 50. Ke6 Kc7 51. Ke7 Kc8 52. Kd6 1-0

[Event "ThEM 2003"]
[Site "?"]
[Date "2003.04.18"]
[Round "6"]
[White "Siebarth, Marco"]
[Black "Richter, Dagmar"]
[Result "1-0"]
[WhiteElo "1799"]
[BlackElo "1463"]
[PlyCount "65"]
[EventDate "2003.04.16"]
[EventRounds "9"]
[EventCountry "GER"]

1. Nc3 c5 2. e4 Nc6 3. f4 e6 4. Nf3 g6 5. g3 Bg7 6. Bg2 Nge7 7. d3 d5 8. e5 Nf5
9. O-O Ncd4 10. Nxd4 Nxd4 11. Be3 Qb6 12. Na4 Qa5 13. Nxc5 Qxc5 14. c3 Qb5 15.
Bxd4 Qxb2 16. Rf2 Qa3 17. Qb3 Qxb3 18. axb3 a6 19. Bb6 Bd7 20. c4 Bc6 21. cxd5
Bxd5 22. Bxd5 exd5 23. Rc2 Kd7 24. Rc7+ Ke6 25. Rxb7 Rhc8 26. Bd4 Rc6 27. b4
Rac8 28. Bc5 Bf8 29. d4 h5 30. Kg2 f6 31. Ra7 fxe5 32. fxe5 Kf5 33. Rf7+ 1-0

[Event "ThEM 2003"]
[Site "?"]
[Date "2003.04.19"]
[Round "7"]
[White "Enders, Peter"]
[Black "Kirschbaum, Gunnar"]
[Result "1/2-1/2"]
[WhiteElo "2522"]
[BlackElo "2179"]
[PlyCount "44"]
[EventDate "2003.04.16"]
[EventRounds "9"]
[EventCountry "GER"]

1. e4 d6 2. d4 Nf6 3. Nc3 g6 4. Nf3 Bg7 5. Be2 O-O 6. O-O Bg4 7. Be3 Nc6 8. Qd2
e5 9. d5 Ne7 10. Rad1 b5 11. a3 Rb8 12. b4 a6 13. Ne1 Bxe2 14. Qxe2 Nd7 15. Nb1
Nb6 16. Nd2 Na4 17. Rc1 c6 18. dxc6 Nxc6 19. Qd3 d5 20. exd5 Nd4 21. Bxd4 exd4
22. Nef3 Nc3 1/2-1/2

[Event "ThEM 2003"]
[Site "?"]
[Date "2003.04.19"]
[Round "7"]
[White "Holzschuh, Stephan"]
[Black "Kraemer, Martin"]
[Result "0-1"]
[WhiteElo "2107"]
[BlackElo "2173"]
[PlyCount "58"]
[EventDate "2003.04.16"]
[EventRounds "9"]
[EventCountry "GER"]

1. e4 c5 2. Nc3 Nc6 3. f4 g6 4. Nf3 Bg7 5. Bc4 e6 6. f5 Nge7 7. fxe6 fxe6 8. a3
O-O 9. O-O d5 10. Ba2 c4 11. d3 b5 12. Bg5 h6 13. Bh4 g5 14. Bf2 Ba6 15. Qe1
Kh8 16. Rd1 Qc7 17. dxc4 dxc4 18. Nd4 Nxd4 19. Rxd4 Bxd4 20. Bxd4+ e5 21. Bf2
Rad8 22. Qe3 Rd6 23. Qg3 Rdf6 24. h3 Qb8 25. h4 gxh4 26. Qxh4 R8f7 27. g4 Qg8
28. Kh1 Rf4 29. Qh2 Qg5 0-1

[Event "ThEM 2003"]
[Site "?"]
[Date "2003.04.19"]
[Round "7"]
[White "Haensel, Thomas"]
[Black "Petiko, Jakob"]
[Result "1-0"]
[WhiteElo "2312"]
[BlackElo "2016"]
[PlyCount "55"]
[EventDate "2003.04.16"]
[EventRounds "9"]
[EventCountry "GER"]

1. e4 e5 2. Nf3 d6 3. d4 Nf6 4. Nc3 Nbd7 5. Bc4 Be7 6. O-O O-O 7. Qe2 c6 8. a4
Qc7 9. Rd1 b6 10. h3 Bb7 11. dxe5 dxe5 12. Nh4 Rfe8 13. g4 g6 14. g5 Nh5 15.
Nf5 Bf8 16. Bxf7+ Kxf7 17. Qc4+ Re6 18. Nb5 Qd8 19. Nbd6+ Bxd6 20. Rxd6 Ng7 21.
Nxg7 Kxg7 22. Qxe6 Bc8 23. Be3 Rb8 24. Rad1 Rb7 25. Qxe5+ Nxe5 26. Rxd8 Bxh3
27. Bd4 Re7 28. f4 1-0

[Event "ThEM 2003"]
[Site "?"]
[Date "2003.04.19"]
[Round "7"]
[White "Aepfler, Christian"]
[Black "Taudte, Stefan"]
[Result "1-0"]
[WhiteElo "2266"]
[BlackElo "2101"]
[PlyCount "91"]
[EventDate "2003.04.16"]
[EventRounds "9"]
[EventCountry "GER"]

1. e4 e6 2. d4 d5 3. Nd2 Nc6 4. c3 e5 5. dxe5 Nxe5 6. Ngf3 Nxf3+ 7. Nxf3 dxe4
8. Qxd8+ Kxd8 9. Ng5 Ke8 10. Bc4 Nh6 11. Nxe4 Nf5 12. Bf4 Nd6 13. Nxd6+ Bxd6
14. Bxd6 cxd6 15. O-O-O Ke7 16. Rhe1+ Be6 17. f4 Rac8 18. Bd5 Kd7 19. Bxb7 Rc5
20. a3 Rb8 21. Be4 g6 22. Rd4 Bb3 23. Bc2 Bxc2 24. Kxc2 f5 25. Rd3 Rc4 26. Red1
Rxf4 27. Rxd6+ Ke7 28. R6d4 Rxd4 29. Rxd4 g5 30. b4 Rb7 31. c4 Kf6 32. c5 Ke5
33. Kc3 f4 34. c6 Rc7 35. b5 g4 36. Rd7 Rc8 37. Kd3 f3 38. gxf3 gxf3 39. Ke3
Rb8 40. a4 Rf8 41. Kf2 Rf4 42. Rxa7 Rh4 43. c7 Rxh2+ 44. Kxf3 Rc2 45. b6 Kd6
46. Ra8 1-0